书目信息 |
| 题名: |
Photoshop平面设计
|
|
| 作者: | 周仲文 , 陈宇 主编 | |
| 分册: | ||
| 出版信息: | 北京 中国水利水电出版社 2008.10 |
|
| 页数: | 280页 | |
| 开本: | 26cm | |
| 丛书名: | 21世纪高职高专规划教材 | |
| 单 册: | ||
| 中图分类: | TP391.41 | |
| 科图分类: | ||
| 主题词: | 平面设计--ping mian she ji--计算机辅助设计--图形软件, Photoshop--高等职业教育--教材 | |
| 电子资源: | ||
| ISBN: | 978-7-5084-5896-0 | |
| 000 | 01258nam 2200277 450 | |
| 001 | CAL 012009061464 | |
| 005 | 20111231100441.28 | |
| 010 | @a978-7-5084-5896-0@dCNY30.00 | |
| 099 | @aCAL 012009061464 | |
| 100 | @a20090505d2008 ekmy0chiy50 ea | |
| 101 | 0 | @achi |
| 102 | @aCN@b110000 | |
| 105 | @aa z 000yy | |
| 200 | 1 | @aPhotoshop平面设计@Aphotoshop ping mian she ji@f主编周仲文, 陈宇 |
| 210 | @a北京@c中国水利水电出版社@d2008.10 | |
| 215 | @a280页@c图@d26cm | |
| 225 | 2 | @a21世纪高职高专规划教材@A21 shi ji gao zhi gao zhuan gui hua jiao cai |
| 330 | @a本书共分9章,主要内容包括计算机平面设计概述、Photoshop CS3基本操作、PhotoshopCS3基本工具使用、包装设计、特效文字设计、底纹和壁纸设计、Photoshop CS3高级使用技巧、VI设计、广告设计。主要以平面广告设计人员在实际工作中经常遇到的典型设计作品为例,通过剖析和讲解,系统地介绍了Photoshop CS3常用工具和菜单命令的使用方法以及综合运用多种功能解决实际问题的技巧。 | |
| 410 | 0 | @12001 @a21世纪高职高专规划教材 |
| 606 | 0 | @a平面设计@Aping mian she ji@x计算机辅助设计@x图形软件, Photoshop@x高等职业教育@j教材 |
| 690 | @aTP391.41@v4 | |
| 701 | 0 | @a周仲文@Azhou zhong wen@4主编 |
| 701 | 0 | @a陈宇@Achen yu@4主编 |
| 801 | 0 | @aCN@bBTBU@c20111231 |
| 905 | @aZUCC@dTP391.41@eZ810@f3 | |
| 998 | @aBTBU | |
| Photoshop平面设计/主编周仲文, 陈宇.-北京:中国水利水电出版社,2008.10 |
| 280页:图;26cm.-(21世纪高职高专规划教材) |
| ISBN 978-7-5084-5896-0:CNY30.00 |
| 本书共分9章,主要内容包括计算机平面设计概述、Photoshop CS3基本操作、PhotoshopCS3基本工具使用、包装设计、特效文字设计、底纹和壁纸设计、Photoshop CS3高级使用技巧、VI设计、广告设计。主要以平面广告设计人员在实际工作中经常遇到的典型设计作品为例,通过剖析和讲解,系统地介绍了Photoshop CS3常用工具和菜单命令的使用方法以及综合运用多种功能解决实际问题的技巧。 |
| ● |
| 相关链接 |
|
|
|
正题名:Photoshop平面设计
索取号:TP391.41/Z810
 
预约/预借
| 序号 | 登录号 | 条形码 | 馆藏地/架位号 | 状态 | 备注 |
| 1 | 1193594 | 211935940 | 自科库301/301自科库 68排6列1层/ [索取号:TP391.41/Z810] | 在馆 | |
| 2 | 1193595 | 211935959 | 自科二线404/404自科库 17排4列3层/ [索取号:TP391.41/Z810] | 在馆 | |
| 3 | 1193596 | 211935968 | 自科库301/301自科库 68排6列1层/ [索取号:TP391.41/Z810] | 在馆 |